| 000 | 01218nam a2200301 a 4500 | ||
|---|---|---|---|
| 001 | BRCA_3275 | ||
| 005 | 20190320204211.0 | ||
| 008 | 130309s1842----enka---###---#000-0#eng-# | ||
| 041 | _aeng | ||
| 044 | _aenk | ||
| 084 |
_a576 _b.H378 _c1842 |
||
| 100 | 1 |
_aCervantes Saavedra, Miguel de _d1547-1616 _9213 |
|
| 245 | 1 | 0 | _aThe History Don Quixote de la Mancha. |
| 260 |
_aLondres _bHalifax : Joseph Hartley _c1842 |
||
| 300 |
_a1 v. en 2 partes (xvi, 560 p.) _bil. _c13 cm. |
||
| 500 | _aContenido : Prólogo del autor. Texto abreviado de ambas partes | ||
| 500 | _aEdición : With and Account of his Exploits and Adventures. Abridged | ||
| 500 | _aCompendio anónimo abreviado. Una de las mejores abreviaciones inglesas del Quijote hasta su aparición. Tela; plano y lomo decorados con motivos quijotiles dorados | ||
| 500 | _aQM840 | ||
| 546 | _aTexto en : inglés | ||
| 650 | 1 | 4 |
_aNovela española _yÉpoca clásica, 1500-1700 _9215 |
| 650 | 1 | 4 |
_aLiteratura española _yÉpoca clásica, 1500-1700 _9216 |
| 650 | 1 | 4 |
_aNovela española _ySiglo XVII _9217 |
| 650 | 1 | 4 |
_aDon Quijote (Personaje ficticio) _eNovela _9218 |
| 740 | 0 | _aEl Ingenioso Hidalgo Don Quijote de la Mancha | |
| 902 | _aQFM | ||
| 942 |
_2lcc _cB |
||
| 999 |
_c3011 _d3011 |
||